Allsvenskan Teams 2020 Season - Statistics

General Stats
  • This quiz has been taken 8 times
  • The average score is 12 of 16
Answer Stats
Answer % Correct
Malmö FF
100%
AIK Fotboll
88%
Djurgårdens IF Fotboll
88%
Hammarby IF Fotboll
88%
IFK Göteborg
88%
IF Elfsborg
75%
IFK Norrköping
75%
IK Sirius FK
75%
Kalmar FF
75%
BK Häcken
63%
Helsingborgs IF
63%
Mjällby AIF
63%
Östersunds FK
63%
Varberg BoIS FC
63%
Örebro SK Fotboll
50%
Falkenbergs FF
38%
No matching quizzes found
Score Distribution
Percent of People with Each Score
Percentile by Number Answered
Your Score History
You have not taken this quiz